| 000 | 00572 a2200169 4500 | ||
|---|---|---|---|
| 020 | _a0199247862 | ||
| 020 | _a9780199247868 | ||
| 082 | _a519.3 | ||
| 090 |
_c964 _d964 |
||
| 100 | 1 | _aRitzberger, Klaus. | |
| 245 | 1 | 0 |
_aFoundations of non-cooperative game theory / _cKlaus Ritzberger. |
| 260 |
_a[S.l.] : _bOxford University Press, USA, _c2002. |
||
| 300 |
_a370 p. ; _c23 cm. |
||
| 700 | _aRitzberger, Klaus. | ||
| 942 |
_aSNS _cBK _k519.3 RIT |
||
| 999 |
_c29583 _d29583 |
||